| 000 | 00697nam a22001817a 4500 | ||
|---|---|---|---|
| 003 | BD-DhUL | ||
| 005 | 20160907153526.0 | ||
| 008 | 160907s1984 ii ||||| |||| 000 0 ben d | ||
| 040 |
_aBD-DhUL _cBD-DhUL |
||
| 082 |
_a954.14 _bNAU |
||
| 100 | 1 | _aকবিরাজ, নরহরি | |
| 245 | 1 | 0 |
_aঊনিশ শতকের বাঙলার জাগরণ : _bতর্ক ও বিতর্ক / _cনরহরি কবিরাজ |
| 260 |
_aকলিকাতা : _bকে.পি.বাগচী, _c১৯৮৪. |
||
| 300 |
_a৩৩০ পৃ. ; _c২২ সে.মি. |
||
| 650 | 0 | _aবাংলাদেশ-ইতিহাস | |
| 650 | 0 | _aHistory -Bangladesh | |
| 942 |
_2ddc _cBK |
||
| 999 |
_c104657 _d104657 |
||